| 000 | 01245nam a2200325 i 4500 | ||
|---|---|---|---|
| 001 | 000021115 | ||
| 003 | DO-SdBNP | ||
| 005 | 20260516184848.0 | ||
| 007 | ta | ||
| 008 | 100831s1999 dr a r 000 0 spa d | ||
| 040 |
_aDO-SdBNP _bspa _cBNPHU _erda |
||
| 082 | 4 |
_a972.9 _bV443h _222 |
|
| 100 | 1 |
_aVeloz Maggiolo, Marcio, _d1936-2021 _91104 _eautor _4aut. |
|
| 245 | 1 | 0 |
_aHistoria, arte y cultura en las antillas precolombinas / _cMarcio Veloz Maggiolo, Daniela Zanin. |
| 264 |
_aSanto Domingo : _bEditora Universitaria-UASD, _c©1999. |
||
| 300 |
_a227 páginas : _bilustraciones ; _c22 cm. |
||
| 336 |
_atexto _btxt _2rdacontent |
||
| 337 |
_asin mediación _bn _2rdamedia |
||
| 338 |
_avolumen _bn _2rdacarrier |
||
| 490 | 1 |
_aPublicaciones de la Universidad Autónoma de Santo Domingo _v413 |
|
| 490 | 1 |
_aHistoria y sociedad _v92 |
|
| 500 | _aIncluye datos biográficos del autor en la contraportada | ||
| 500 | _aIncluye referencias bibliográficas y notas al pie de las páginas | ||
| 590 | _aInventaiado, 2024/BT/Validado,2026/ YGD/ | ||
| 650 | 7 |
_2Lemb _aCulturas Indígenas _91857 |
|
| 650 | 7 |
_2Lemb _aArte Precolombino _954172 |
|
| 651 | 7 |
_2Lemb _aAntillas _xHistoria _949155 |
|
| 700 | 1 |
_aZanin, Daniela _944147 |
|
| 942 |
_2ddc _cLBS1 _e23 |
||
| 999 |
_c20617 _d20617 |
||